Le langage oublié : introduction a la comprehensión des reves, des contes et des mythes.

Guardado en:
Detalles Bibliográficos
Autor principal: Fromm, Erich (autor)
Otros autores: Fabre, Simone, tr (autor) tr, (autor)
Formato: Libro
Idioma:Francés
Colección:(Biblioteque scientifique)
Temas:
Etiquetas: Agrega una etiqueta
Sin etiquetas, Sé el primero en etiquetar este registro!

MARC

LEADER 00000cam^a2200000uu^4500
001 000463524
005 20250521000000.0
008 050901s1953^^^^^^^^^^^^rd^r^^000^0^fre^d
009 20260310124315.718
035 |a FCE 000006074 
035 |a FCE 024084 
037 |a Acervo ITESO - Biblioteca 
041 |a FRA 
082 0 4 |a 809.93353  |b FROl 
100 |a Fromm, Erich  |e (autor) 
245 1 3 |a Le langage oublié :  |b introduction a la comprehensión des reves, des contes et des mythes. 
264 |a Paris :  |b Payot,  |c 1953. 
300 |a 211 p. 
336 |a texto  |b txt  |2 rdacontenido 
337 |a sin mediación  |b n  |2 rdamedio 
338 |a volumen  |b nc  |2 rdasoporte 
440 0 |a (Biblioteque scientifique) 
649 |a XX 
650 |a Historia 
650 |a Lenguaje 
650 |a Simbología 
650 |a Mitología 
650 |a Sueño 
650 |a Roma 
700 |a Fabre, Simone,  |e tr  |e (autor) 
910 |a Fondo Centro de Estudios Educativos 
920 |a Impresos - Libros 
930 |a Fondos Especiales 
905 |a 133 
901 |a ALE024084  |b IT2  |c CEE  |u 20250521 
902 |a https://opac.biblio.iteso.mx/vufind/Record/000463524